书目信息 |
| 题名: |
手机媒体概论
|
|
| 作者: | 匡文波 著 | |
| 分册: | ||
| 出版信息: | 北京 中国人民大学出版社 2012.07 |
|
| 页数: | 327页 | |
| 开本: | 26cm | |
| 丛书名: | ||
| 单 册: | ||
| 中图分类: | G206.2 , TN929.53 | |
| 科图分类: | ||
| 主题词: | 移动通信--携带电话机--传播媒介--高等学校--教材 , 移动通信 , 携带电话机 , 传播媒介 | |
| 电子资源: | ||
| ISBN: | 978-7-300-16006-1 | |
| 000 | 00993nam0 2200301 450 | |
| 001 | 003314895 | |
| 005 | 20130609083325.51 | |
| 010 | @a978-7-300-16006-1@dCNY35.00 | |
| 100 | @a20120713d2012 em y0chiy50 ea | |
| 101 | 0 | @achi |
| 102 | @aCN@b110000 | |
| 105 | @aa z 000yy | |
| 106 | @ar | |
| 200 | 1 | @a手机媒体概论@9shou ji mei ti gai lun@dIntroduction to mobile phone media@f匡文波著@zeng |
| 210 | @a北京@c中国人民大学出版社@d2012.07 | |
| 215 | @a327页@c图@d26cm | |
| 300 | @a21世纪新媒体专业系列教材 | |
| 330 | @a本书主要内容包括:手机媒体概说;手机媒体:新闻学和传播学研究和新领域;手机中的人际传播——手机短信;手机报等。 | |
| 510 | 1 | @aIntroduction to mobile phone media@zeng |
| 606 | 0 | @a移动通信@x携带电话机@x传播媒介@x高等学校@j教材 |
| 606 | 0 | @a移动通信 |
| 606 | 0 | @a携带电话机 |
| 606 | 0 | @a传播媒介 |
| 690 | @aG206.2@v5 | |
| 690 | @aTN929.53@v5 | |
| 701 | 0 | @a匡文波@9kuang wen bo@c(传播技术)@4著 |
| 801 | 0 | @aCN@bRENTIAN@c20120713 |
| 905 | @dG206.2@e532 | |
| 手机媒体概论=Introduction to mobile phone media/匡文波著.-北京:中国人民大学出版社,2012.07 |
| 327页:图;26cm |
| 21世纪新媒体专业系列教材 |
| ISBN 978-7-300-16006-1:CNY35.00 |
| 本书主要内容包括:手机媒体概说;手机媒体:新闻学和传播学研究和新领域;手机中的人际传播——手机短信;手机报等。 |
| ● |
| 相关链接 |
|
|
|
|
正题名:手机媒体概论
索取号:G206.2/532
 
预约/预借
| 序号 | 登录号 | 条形码 | 馆藏地/架位号 | 状态 | 备注 |
| 1 | 0544220 | 205442207 | 第一样本阅览室/ [索取号:G206.2/532] | 在馆 | |
| 2 | 0544221 | 205442216 | 第四借阅区/ [索取号:G206.2/532] | 在馆 | |
| 3 | 0544222 | 205442225 | 第四借阅区/ [索取号:G206.2/532] | 在馆 | |
| 4 | 0544223 | 205442234 | 第四借阅区/ [索取号:G206.2/532] | 在馆 | |
| 5 | 0544224 | 205442243 | 第四借阅区/ [索取号:G206.2/532] | 在馆 |